000 00520nam a2200205Ia 4500
005 20250326142055.0
008 250326s9999 xx 000 0 und d
020 _a0-256-03363-3
037 _aTextbook
040 _aFMSL
_beng
_cFMSL
041 _aeng
_2eng
084 _aX:8 M6
_qFMSL
100 _aRobey D
_9745526
245 0 _aDesigning organizations
_cRobey D
250 _a2
260 _aUSA
_bUSA, Richard D IRWIN
_c1986
300 _a657p
942 _cTB
_hX:8 M6
999 _c1293315
_d1293315